000 00598nam a2200169 i 4500
001 149710
003 ES-MaACL
005 20230906203224.0
007 t|
008 071024s1967 sp ||||1| spa d
245 0 0 _aVarones insignes de la Congregación de Valladolid
_b: según un manuscrito del siglo XVIII /
_cprologado y completado por Fray Justo Pérez de Urbel.
260 _aPontevedra :
_bMuseo Provincial,
_c[1967]
300 _a370 p. ;
_c25 cm.
700 1 _aPérez de Urbel, Justo.
_990812
710 2 _aMuseo Provincial de Pontevedra.
_95918
852 _aES-MaACL
_jC-32953
_bR.63679
999 _c149710
_d149710